ბათუმის შოთა რუსთაველის სახელმწიფო უნივერსიტეტის ბიბლიოთეკა

აგროქიმიის პრაქტიკუმის სახელმძღვანელო. (ბიბ.ჩანაწერი № 44706)

000 -LEADER
fixed length control field 01063nam a2200253Ia 4500
001 - CONTROL NUMBER
control field 11511
003 - CONTROL NUMBER IDENTIFIER
control field GE_BSU
008 - FIXED-LENGTH DATA ELEMENTS--GENERAL INFORMATION
fixed length control field 181216s||||||||xx |||||||||||||| ||und||
040 ## - CATALOGING SOURCE
Transcribing agency GE_BSU
080 ## - UNIVERSAL DECIMAL CLASSIFICATION NUMBER
Universal Decimal Classification number 63:54(076.5)+631.8(076.5)
100 ## - MAIN ENTRY--PERSONAL NAME
Personal name სარიშვილი,ი; ა.მენაღარიშვილი; ბ.ვერასიმოვი.
245 ## - TITLE STATEMENT
Title აგროქიმიის პრაქტიკუმის სახელმძღვანელო.
245 ## - TITLE STATEMENT
Remainder of title აგროქიმიის კვლევის მეთოდები.
245 ## - TITLE STATEMENT
Statement of responsibility, etc. რედ:ა.მენაღარიშვილი.
250 ## - EDITION STATEMENT
Edition statement მე–5 შევსებ. და შესწორ.გამოც.
260 ## - PUBLICATION, DISTRIBUTION, ETC.
Place of publication, distribution, etc. თბილისი.
260 ## - PUBLICATION, DISTRIBUTION, ETC.
Name of publisher, distributor, etc. ცოდნა.
260 ## - PUBLICATION, DISTRIBUTION, ETC.
Date of publication, distribution, etc. 1963.
300 ## - PHYSICAL DESCRIPTION
Extent 411გვ;25სმ.
300 ## - PHYSICAL DESCRIPTION
Accompanying material ილ.
653 ## - INDEX TERM--UNCONTROLLED
Uncontrolled term აგროქიმია
653 ## - INDEX TERM--UNCONTROLLED
Uncontrolled term აგროქიმიის პრაქტიკუმის სახელმძღვანელო.
942 ## - ADDED ENTRY ELEMENTS (KOHA)
Koha item type წიგნი
ეგზემპლარები
Withdrawn status Lost status Damaged status Not for loan Date acquired Barcode Date last seen Price effective from Koha item type
        2018-12-17 20096 2018-12-17 2018-12-17 წიგნი